| 000 | 00448nam a2200157 a 4500 | ||
|---|---|---|---|
| 001 | 1113 | ||
| 005 | 20140414131933.0 | ||
| 008 | 041020s19uu xx 00 eng d | ||
| 020 | _a971-103-415-8 | ||
| 050 |
_aREF 495.103 _bC74 1986 |
||
| 245 | _aA concise Chinese-English picture dictionary. | ||
| 260 |
_aSampaloc, Manila : _bMerriam & Webster, _c1986. |
||
| 300 | _a189 p. ; cm. | ||
| 650 |
_aChinese _xEnglish _xDictionaries. |
||
| 999 |
_c112323 _d112323 |
||